000 01103nas a2200313 4500
001 BR2013006863
003 BR-BrBNA
005 20231205122851.0
007 ta
008 230509b bl.|||p| |||| 00| 00por d
040 _aBR-BrBNA
_bpor
_cBiblioteca Nacional de Agricultura
041 _a(Pt)
072 _aK10
100 1 _aRodrigues, B.D.
100 1 _aMartins, S.V.
100 1 _aLeite, H.G.
245 1 _aAvaliação do potencial da transposição da serapilheira e do banco de sementes do solo para restauração florestal em áreas degradadas
246 1 _aEvaluation of the litter and soil seed bank transposition as a forest restoration of degraded areas methodology
650 _aFLORESTA
650 _aSEMENTE
650 _aSOLO
650 _aSERAPILHEIRA
650 _aSOLO
650 _aREGENERAÇÃO
773 0 _tRevista Árvore (Brazil)
_xISSN 0100-6762
_g(Jan-Feb 2010), v. 34(1) p. 65-73
_wBR2013006863
856 4 _uhttp://www.scielo.br/pdf/rarv/v34n1/v34n1a08.pdf
_yRecurso eletrônico (PDF)
909 _a202311
_bLúcia
_c55
_dLúcia Elande
942 _2AGRIS
_n0
_cANA
999 _c230998
_d230998